000 00659nam a2200241Ia 4500
003 OSt
005 20230413093427.0
008 210423s2009 xx 000 0 und d
020 _a9780761929574
040 _cAL
041 _aeng
082 _a070.403 STEC
100 _aSTERLING (Christopher H),Ed
_987489
245 _aEncyclopedia of journalism.V1 A-C
260 _aLos Angeles
_bSage Publications
_c2009
300 _axxviii,386,I-172
_bHB
365 _b6266
_cINR
440 _v1
650 _aJournalism
_987490
650 _aJournalism & Media
_987491
906 _aA-C. ; Encyclopedia ; journalism. ; journalism.V1 ; V1
942 _2ddc
_cBK
999 _c159670
_d159670